Postsocialistické krajiny a stratégia exportnej orientácie

Využitie skúseností exportne orientovaných ekonomík pre postsocialistické krajiny. Problematickosť pomoci štátu pri zavádzaní exportnej orientácie v transformujúcich sa ekonomikách. Poučenie zo začiatočnej fázy vývoja exportnej orientácie v krajinách NIK. Dôležitá je miera otvorenia sa zahraničnému...

Descrizione completa

Salvato in:
Dettagli Bibliografici
Autore principale: Oberhauser, Ján Artur
Natura: Libro
Lingua:slovacco
Soggetti:
Tags: Aggiungi Tag
Nessun Tag, puoi essere il primo ad aggiungerne!!

MARC

LEADER 00000nam a2200000 4500
001 r030656
005 20230824094459.3
041 0 |a slo 
044 |a SK 
245 1 0 |a Postsocialistické krajiny a stratégia exportnej orientácie  |c Ján Artur Oberhauser 
520 |a Využitie skúseností exportne orientovaných ekonomík pre postsocialistické krajiny. Problematickosť pomoci štátu pri zavádzaní exportnej orientácie v transformujúcich sa ekonomikách. Poučenie zo začiatočnej fázy vývoja exportnej orientácie v krajinách NIK. Dôležitá je miera otvorenia sa zahraničnému trhu a kapitálu a výchova ľudského činiteľa. (8. časť seriálu o proexportnej stratégii. Ďalšie pokračovanie v čísle 45). 
610 2 0 |a podpora vývozu 
610 2 0 |a vývoz 
610 2 0 |a dovoz 
610 2 0 |a SVE 
610 2 0 |a obchod zahraničný 
610 2 0 |a zadlženosť zahraničná 
610 2 0 |a kurz devízový 
610 2 0 |a NIK 
100 1 |a Oberhauser, Ján Artur